=LDR 00000nam 2200000 4500 =001 INLIS000000000039283 =005 20130612144924 =008 ***********************************Ind** =035 ##$$a0010-061300000039283 =041 ##$$a Ind =082 ##$$a 635.642 =090 ##$$a 635.642, Fir s =100 ##$$a Firmanto, Bagus Herdy =245 ##$$a Sukses Bertanam Tomat Secara Organik, Ir.Bagus Herdy Firmanto ; Penyunting, ; Yana Sutisna, S.si =260 ##$$a 2011 $b Bandung =300 ##$$a 82 Hlm, 25 Cm =850 ##$$a NBPNMAT =990 ##$$a 91889/BPAP-NTB/2014